[Event "FRA-chT U18"]
[Site "?"]
[Date "1996.??.??"]
[Round "?"]
[White "Bujisho Benjamin"]
[Black "Armengaud Eric"]
[Result "0-1"]
[WhiteElo "2280"]
[BlackElo "2085"]
[PlyCount "48"]
[EventDate "1996.??.??"]
[Source "www.chesslib.no"]
[SourceDate "2004.05.04"]

1. e4 e5 2. Nf3 Nc6 3. Bc4 Bc5 4. b4 Bxb4 5. c3 Ba5 6. d4 exd4 7. O-O Nf6 8. e5 Ne4 9. Qb3 O-O 10. cxd4 Bb6 11. Ba3 Nxd4 12. Qd3 Nxf3+ 13. Qxf3 Nc5 14. Nc3 Qh4 15. Bd5 c6 16. g3 Qd4 17. Rae1 cxd5 18. Nxd5 d6 19. Bxc5 Qxc5 20. Rc1 Qd4 21. Rfd1 Bg4 22. Rxd4 Bxf3 23. Nxb6 axb6 24. exd6 Bc6 0-1

[Event "Corr"]
[Site "?"]
[Date "2003.02.13"]
[Round "?"]
[White "Morin Stéphane"]
[Black "Nagley Tim"]
[Result "1/2-1/2"]
[WhiteElo "2276"]
[BlackElo "2089"]
[PlyCount "89"]
[EventDate "2003.??.??"]
[Source "www.chesslib.no"]
[SourceDate "2004.05.04"]

1. e4 e5 2. Nf3 Nc6 3. Bc4 Bc5 4. b4 Bxb4 5. c3 Ba5 6. d4 exd4 7. O-O Nge7 8. Ng5 d5 9. exd5 Ne5 10. Qxd4 f6 11. Re1 Bb6 12. Qh4 fxg5 13. Bxg5 N5g6 14. Qh5 Bc5 15. d6 Bxd6 16. Nd2 Qd7 17. Ne4 Ba3 18. h3 a6 19. Rad1 Qc6 20. Bxe7 Bxe7 21. Bd5 Qb6 22. Ng5 Bf5 23. Nf7 Qf6 24. Nxh8 O-O-O 25. Rxe7 Nxe7 26. Bxb7+ Kxb7 27. Rxd8 Qxc3 28. Qd1 Nc6 29. Rd2 Qc4 30. Qf3 Be6 31. Rb2+ Ka7 32. Rb1 Bd5 33. Qg3 Nd4 34. Qe3 Qc3 35. Qxc3 Ne2+ 36. Kf1 Nxc3 37. Rc1 Nxa2 38. Rxc7+ Kb6 39. Rxg7 a5 40. Rxh7 Nb4 41. Nf7 a4 42. Rh4 Kc5 43. Nd6 a3 44. Ne4+ Kc4 45. Nf6+ 1/2-1/2

[Event "Politiken Cup 24th"]
[Site "Copenhagen"]
[Date "2002.07.18"]
[Round "4"]
[White "Simonsen, Olavur"]
[Black "Gutierrez Castillo, Paloma"]
[Result "1-0"]
[WhiteElo "2240"]
[BlackElo "2088"]
[PlyCount "57"]
[EventDate "2002.07.15"]
[Source "ChessBase"]
[SourceDate "2002.09.11"]

1. e4 e5 2. Nf3 Nc6 3. Bc4 Bc5 4. b4 Bxb4 5. c3 Ba5 6. Qb3 Qe7 7. d4 exd4 8. O-O Bb6 9. cxd4 Na5 10. Qc2 Nxc4 11. Qxc4 d6 12. Nc3 Be6 13. d5 Bd7 14. a4 Nf6 15. e5 Ng4 16. e6 Bxe6 17. dxe6 Qxe6 18. Nd5 Ne5 19. Nxe5 dxe5 20. Nxc7+ Bxc7 21. Qxc7 Qe7 22. Qc4 Qd7 23. Ba3 Rc8 24. Qe4 f6 25. Rfd1 Qf7 26. Rac1 Rxc1 27. Rxc1 Qd7 28. Qc4 Kd8 29. Qc2 1-0

[Event "HUN-chT2 9596"]
[Site "HUN"]
[Date "1995.??.??"]
[Round "3"]
[White "Nagy, Helga"]
[Black "Horvath, Denes"]
[Result "1-0"]
[WhiteElo "2090"]
[BlackElo "2235"]
[PlyCount "78"]
[EventDate "1995.??.??"]
[Source "www.chesslib.no"]
[SourceDate "2004.05.04"]

1. e4 e5 2. Nf3 Nc6 3. Bc4 Bc5 4. b4 Bxb4 5. c3 Ba5 6. d4 exd4 7. Qb3 Qf6 8. O-O Bxc3 9. Nxc3 dxc3 10. e5 Qg6 11. Ng5 Nh6 12. Qxc3 O-O 13. Bd3 f5 14. exf6 Qxf6 15. Qb3+ Nf7 16. Nxh7 Qe7 17. Ba3 d6 18. Rae1 Qh4 19. Nxf8 Kxf8 20. Re4 Qg5 21. h4 Qh5 22. Bc4 Nce5 23. Rfe1 Bd7 24. Bxf7 Nxf7 25. Qxb7 Re8 26. Rxe8+ Bxe8 27. Qxc7 a5 28. Qe7+ Kg8 29. Qxe8+ Kh7 30. Bxd6 Qd5 31. Bf8 Qxa2 32. Re7 Qa1+ 33. Kh2 Nh6 34. Rxg7+ Qxg7 35. Bxg7 Kxg7 36. Qe5+ Kh7 37. Qxa5 Ng4+ 38. Kg3 Nh6 39. Qc7+ Kg6 1-0

[Event "HUN-chT2 9798"]
[Site "HUN"]
[Date "1997.??.??"]
[Round "?"]
[White "Keschitz, Gyorgy"]
[Black "Szilagyi, Tibor"]
[Result "1/2-1/2"]
[WhiteElo "2190"]
[BlackElo "2135"]
[PlyCount "60"]
[EventDate "1997.??.??"]
[Source "www.chesslib.no"]
[SourceDate "2004.05.04"]

1. e4 e5 2. Nf3 Nc6 3. Bc4 Bc5 4. b4 Bxb4 5. c3 Ba5 6. d4 exd4 7. O-O Nf6 8. e5 d5 9. exf6 dxc4 10. fxg7 Rg8 11. Re1+ Be6 12. Ng5 Qf6 13. Nxe6 fxe6 14. Qh5+ Kd7 15. Bh6 Qg6 16. Qxg6 hxg6 17. Re4 Bb6 18. Na3 Rae8 19. Rd1 Ne7 20. g4 Nd5 21. Nxc4 Nxc3 22. Nxb6+ Kc6 23. Rdxd4 Nxe4 24. Nd7 e5 25. Rd1 Re7 26. Nf8 Rgxg7 27. Re1 Kd5 28. Rd1+ Kc6 29. Re1 Kd5 30. Rd1+ Kc6 1/2-1/2

[Event "HUN-chT2 0203 Charousek"]
[Site "?"]
[Date "2002.12.08"]
[Round "4"]
[White "Csolig Robert"]
[Black "Szekely Ferenc"]
[Result "0-1"]
[WhiteElo "2125"]
[BlackElo "2197"]
[PlyCount "44"]
[EventDate "2002.??.??"]
[Source "www.chesslib.no"]
[SourceDate "2004.05.04"]

1. e4 e5 2. Nf3 Nc6 3. Bc4 Bc5 4. b4 Bxb4 5. c3 Ba5 6. d4 exd4 7. Qb3 Qe7 8. O-O Nf6 9. Re1 d6 10. e5 O-O 11. exf6 Qxf6 12. Bd2 Bb6 13. Qb2 Bg4 14. Nxd4 Rae8 15. Be3 Nxd4 16. Nd2 Nc6 17. Bxb6 axb6 18. Ne4 Qg6 19. Ng3 Ne5 20. Bf1 h5 21. f4 Nd3 22. Bxd3 Qxd3 0-1

[Event "Calcutta op"]
[Site "Calcutta"]
[Date "1994.??.??"]
[Round "11"]
[White "Roy Chowdhury, Saptarshi"]
[Black "Venkataramanan, TS."]
[Result "1/2-1/2"]
[WhiteElo "2045"]
[BlackElo "2270"]
[PlyCount "34"]
[EventDate "1994.02.??"]
[Source "ChessBase"]

1. e4 e5 2. Nf3 Nc6 3. Bc4 Bc5 4. b4 Bxb4 5. c3 Ba5 6. d4 exd4 7. O-O Nf6 8. cxd4 d5 9. exd5 Nxd5 10. Qb3 Be6 11. Qxb7 Ndb4 12. Bb5 Bd5 13. Ne5 O-O 14. Nxc6 Nxc6 15. Bxc6 Bxc6 16. Qxc6 Qxd4 17. Bd2 Bxd2 1/2-1/2

[Event "Bretagne op-A"]
[Site "Queven"]
[Date "1999.??.??"]
[Round "5"]
[White "Bollore, Jacques"]
[Black "Le Borgne, Pierre"]
[Result "0-1"]
[WhiteElo "2310"]
[BlackElo "2000"]
[PlyCount "56"]
[EventDate "1999.06.??"]
[Source "www.chesslib.no"]
[SourceDate "2004.05.04"]

1. e4 e5 2. Nf3 Nc6 3. Bc4 Bc5 4. b4 Bxb4 5. c3 Ba5 6. d4 exd4 7. O-O Nge7 8. Qb3 O-O 9. Bd5 d6 10. cxd4 Nxd5 11. Qxd5 Bb6 12. Bb2 Qf6 13. Qc4 Bg4 14. Nbd2 Rfe8 15. Rfe1 Ba5 16. Re3 Ne7 17. Rb3 Rab8 18. d5 Qh6 19. Nf1 Bxf3 20. Rxf3 Ng6 21. Rh3 Qf4 22. Ng3 Bb6 23. Rf1 Ne5 24. Qc3 f6 25. Kh1 Ng4 26. Qc1 Qxc1 27. Bxc1 Nxf2+ 28. Rxf2 Bxf2 0-1

[Event "39. American Open"]
[Site "?"]
[Date "2003.11.27"]
[Round "2"]
[White "Del Pilar Reynaldo"]
[Black "Airapetian Chouchanik"]
[Result "0-1"]
[WhiteElo "2233"]
[BlackElo "2074"]
[PlyCount "65"]
[EventDate "2003.??.??"]
[Source "www.chesslib.no"]
[SourceDate "2004.05.04"]

1. e4 e5 2. Nf3 Nc6 3. Bc4 Bc5 4. b4 Bxb4 5. c3 Ba5 6. d4 exd4 7. O-O Nf6 8. e5 d5 9. exf6 dxc4 10. fxg7 Rg8 11. cxd4 Rxg7 12. d5 Bh3 13. dxc6 Qxd1 14. Rxd1 Bxg2 15. Ng5 Bxc6 16. Na3 Bf3 17. Rd4 Bc3 18. Nc2 c5 19. Rxc4 Bxa1 20. Nxa1 Rd8 21. h4 h6 22. Bb2 Rg6 23. Rf4 Rd1+ 24. Kh2 Rh1+ 25. Kg3 Bd5 26. Rf5 Be6 27. Rxc5 hxg5 28. hxg5 Rg1+ 29. Kf4 Rg4+ 30. Ke3 R6xg5 31. Rc7 Rb5 32. Be5 Bxa2 33. Nc2 0-1

[Event "SLO-ch U20"]
[Site "Kranj"]
[Date "2001.??.??"]
[Round "6"]
[White "Karer, Gregor"]
[Black "Zvan, Ziga"]
[Result "0-1"]
[WhiteElo "2107"]
[BlackElo "2199"]
[PlyCount "90"]
[EventDate "2001.01.06"]
[Source "ChessBase"]
[SourceDate "2001.03.08"]

1. e4 e5 2. Nf3 Nc6 3. Bc4 Bc5 4. b4 Bxb4 5. c3 Ba5 6. d4 exd4 7. Qb3 Qf6 8. O-O Bb6 9. e5 Qg6 10. cxd4 Nxd4 11. Nxd4 Bxd4 12. Nc3 Bxc3 13. Qxc3 b6 14. Bd3 Qc6 15. Qd4 Bb7 16. Qg4 Nh6 17. Qg3 O-O-O 18. Bg5 Rde8 19. Rac1 Qe6 20. Bc4 Qg4 21. Qxg4 Nxg4 22. Bxf7 Rxe5 23. Bf4 Rc5 24. Bh5 Nf6 25. Bf7 Rf8 26. Bb3 Bd5 27. Be3 Rxc1 28. Rxc1 Bxb3 29. axb3 d5 30. h3 Rd8 31. Bd4 c5 32. b4 c4 33. g4 Rd7 34. f4 Ne4 35. f5 Nd2 36. Rc3 Nb3 37. Bf2 b5 38. Re3 d4 39. Re8+ Kb7 40. g5 d3 41. Be1 d2 42. Bxd2 Nxd2 43. f6 gxf6 44. gxf6 Kc7 45. Ra8 Kd6 0-1

[Event "Nordic-ch"]
[Site "Bergen"]
[Date "2001.08.05"]
[Round "2"]
[White "Gabrielsen, Trond"]
[Black "Zimny, Joanna"]
[Result "1-0"]
[WhiteElo "2217"]
[BlackElo "2087"]
[PlyCount "87"]
[EventDate "2001.08.04"]
[Source "ChessBase"]
[SourceDate "2001.09.11"]

1. e4 e5 2. Nf3 Nc6 3. Bc4 Bc5 4. b4 Bxb4 5. c3 Ba5 6. d4 exd4 7. O-O d3 8. Qb3 Qf6 9. e5 Qg6 10. Ba3 Nge7 11. Nbd2 O-O 12. Rae1 Bb6 13. Qb5 d5 14. exd6 cxd6 15. Bxd3 Bf5 16. Ne4 Bxe4 17. Rxe4 Qf6 18. c4 Ng6 19. Bb2 Qd8 20. Qh5 Nce5 21. Bc2 Nxf3+ 22. Qxf3 Re8 23. Qc3 f6 24. Rg4 Ne5 25. Rh4 g6 26. Qg3 Re7 27. Kh1 Qe8 28. f4 Nd7 29. Qf3 Qf7 30. Be4 Kh8 31. Bxb7 Rae8 32. Bd5 Qf8 33. Bc6 Re3 34. Qd1 Rd8 35. Bc1 Re6 36. Bd5 Re7 37. Qd3 Rde8 38. Bd2 Rd8 39. Qxg6 Rg7 40. Qd3 Nc5 41. Qc2 Re8 42. Bc3 Rge7 43. Qf5 Nd7 44. Bc6 1-0

[Event "HUN-chT2 0203 Charousek"]
[Site "?"]
[Date "2003.03.02"]
[Round "8"]
[White "Kurics Laszlo"]
[Black "Szakall Tamas"]
[Result "1/2-1/2"]
[WhiteElo "2071"]
[BlackElo "2219"]
[PlyCount "75"]
[EventDate "2003.??.??"]
[Source "www.chesslib.no"]
[SourceDate "2004.05.04"]

1. e4 e5 2. Nf3 Nc6 3. Bc4 Bc5 4. b4 Bxb4 5. c3 Ba5 6. d4 exd4 7. O-O d6 8. cxd4 Nf6 9. e5 dxe5 10. Qb3 O-O 11. dxe5 Ng4 12. Rd1 Qe7 13. Ba3 Bb4 14. Bxb4 Qxb4 15. Bxf7+ Rxf7 16. Rd8+ Nxd8 17. Qxb4 b6 18. Nc3 Nh6 19. Rd1 Bg4 20. Ng5 Bxd1 21. Qe4 Rc8 22. Qxh7+ Kf8 23. Nxf7 Ndxf7 24. Nxd1 Nxe5 25. Qh8+ Ng8 26. Qh4 Nf6 27. Ne3 c5 28. f4 Nd3 29. Qh8+ Ng8 30. Nf5 Rc7 31. Qh3 c4 32. Nd4 Ke8 33. Qe6+ Ne7 34. Nb5 Rc6 35. Nd6+ Kd8 36. Nf7+ Ke8 37. Nd6+ Kd8 38. Nf7+ 1/2-1/2

[Event "Fouesnant op 5th"]
[Site "Fouesnant"]
[Date "1999.11.04"]
[Round "7"]
[White "Bollore, Jacques"]
[Black "Alanic, Xavier"]
[Result "1-0"]
[WhiteElo "2230"]
[BlackElo "2050"]
[PlyCount "43"]
[EventDate "1999.10.??"]
[Source "www.chesslib.no"]
[SourceDate "2004.05.04"]

1. e4 e5 2. Nf3 Nc6 3. Bc4 Bc5 4. b4 Bxb4 5. c3 Ba5 6. d4 exd4 7. O-O Nge7 8. cxd4 d6 9. Ng5 d5 10. exd5 Nxd5 11. Nxf7 Kxf7 12. Qf3+ Qf6 13. Bxd5+ Ke8 14. Bxc6+ bxc6 15. Qh5+ g6 16. Qxa5 Be6 17. Nc3 Rf8 18. Qxc7 Rc8 19. Qxa7 Rf7 20. Qc5 Rd7 21. Re1 Kf7 22. Ne4 1-0

[Event "POL-ch U14"]
[Site "?"]
[Date "1998.??.??"]
[Round "?"]
[White "Zawadzki Stanislaw"]
[Black "Barglowski Filip"]
[Result "1/2-1/2"]
[WhiteElo "2095"]
[BlackElo "2185"]
[PlyCount "32"]
[EventDate "1998.??.??"]
[Source "www.chesslib.no"]
[SourceDate "2004.05.04"]

1. e4 e5 2. Nf3 Nc6 3. Bc4 Bc5 4. b4 Bxb4 5. c3 Ba5 6. d4 exd4 7. O-O Nge7 8. cxd4 d5 9. exd5 Nxd5 10. Ba3 Be6 11. Qb3 Bb4 12. Bxb4 Ncxb4 13. a3 Nc6 14. Qxb7 Nde7 15. Bxe6 fxe6 16. Qb2 O-O 1/2-1/2

[Event "Issy Les Moulineaux"]
[Site "?"]
[Date "1996.??.??"]
[Round "1"]
[White "Bergez Luc"]
[Black "Lebrun Xavier"]
[Result "1-0"]
[WhiteElo "2225"]
[BlackElo "2050"]
[PlyCount "109"]
[EventDate "1996.??.??"]
[Source "www.chesslib.no"]
[SourceDate "2004.05.04"]

1. e4 e5 2. Nf3 Nc6 3. Bc4 Bc5 4. b4 Bxb4 5. c3 Ba5 6. d4 Qf6 7. O-O h6 8. Qb3 Nge7 9. Nxe5 O-O 10. f4 Bb6 11. Qd1 d6 12. Nf3 Bg4 13. Be3 Rae8 14. Nbd2 d5 15. e5 Qe6 16. Be2 Nf5 17. Bf2 f6 18. Ng5 fxg5 19. Bxg4 gxf4 20. Qf3 Nce7 21. a4 c6 22. a5 Bd8 23. Rfb1 b6 24. Qxf4 Ng6 25. Qf3 Bg5 26. Qd1 Nf4 27. axb6 Nd3 28. Nf3 Nxf2 29. Kxf2 Be3+ 30. Ke2 Qg6 31. Bxf5 Rxf5 32. Kxe3 Qxg2 33. bxa7 Ref8 34. Nd2 Qg5+ 35. Kd3 Qg6 36. Kc2 Rf1+ 37. Kc1 Rxd1+ 38. Kxd1 Qg4+ 39. Kc1 Qg1+ 40. Kb2 Qg2 41. Kc2 Qg6+ 42. Kb3 Ra8 43. Ra4 Kh7 44. Rba1 Qe8 45. Ra5 g5 46. Kb2 h5 47. Nb3 g4 48. Nc5 h4 49. Ra6 Kh6 50. Rb6 Kg5 51. Rb7 Kf4 52. e6 g3 53. hxg3+ hxg3 54. Rf7+ Ke3 55. Kc2 1-0

[Event "Glorney Cup U20"]
[Site "Bruges"]
[Date "1999.07.27"]
[Round "2"]
[White "Hodge, David"]
[Black "Lamorelle, Julien"]
[Result "0-1"]
[WhiteElo "2117"]
[BlackElo "2156"]
[PlyCount "64"]
[EventDate "1999.07.26"]
[Source "www.chesslib.no"]
[SourceDate "2004.05.04"]

1. e4 e5 2. Nf3 Nc6 3. Bc4 Bc5 4. b4 Bxb4 5. c3 Ba5 6. d4 exd4 7. O-O d3 8. Qb3 Qf6 9. e5 Qg6 10. Ba3 Nge7 11. Nbd2 O-O 12. Rae1 b5 13. Bxb5 Rb8 14. Qa4 Bxc3 15. Re4 Bb7 16. Bxd3 Bxd2 17. Nxd2 Nxe5 18. Bxe7 Rfe8 19. g3 Nxd3 20. Rg4 Qc6 21. Qxc6 Bxc6 22. Bf6 g6 23. Bd4 f5 24. Rh4 Ne5 25. f4 Ng4 26. Nc4 Bb5 27. Rc1 Re4 28. Bxa7 Ra8 29. Na3 Bc6 30. Bc5 d6 31. Bxd6 cxd6 32. Rxc6 Rxa3 0-1